[Event "Tata Steel Top Tienkamp"]
[Site "Wijk aan Zee NED"]
[Date "2026.01.23"]
[Round "1.1"]
[White "Beukema, Stefan"]
[Black "Hrbek, Stepan"]
[Result "1-0"]
[WhiteTitle "IM"]
[BlackTitle "IM"]
[WhiteElo "2394"]
[BlackElo "2454"]
[WhiteFideId "1024523"]
[BlackFideId "393479"]
[EventDate "2026.01.23"]

1. c4 c5 2. g3 g6 3. Bg2 Bg7 4. Nc3 Nc6 5. Nf3 e6 6. d4 Nxd4 7. Nxd4 cxd4 8. Ne4
d5 9. Qa4+ Kf8 10. Qa3+ Qe7 11. Nd6 Be5 12. Bf4 Bxf4 13. gxf4 dxc4 14. Rc1 Bd7
15. Rxc4 Bc6 16. Bxc6 bxc6 17. Rxd4 Rd8 18. Nf5 Rxd4 19. Nxe7 Nxe7 20. Qc3 e5
21. fxe5 Rd8 22. Qc5 h5 23. h4 Rd7 24. Rh3 Kg7 25. e6 fxe6 26. Qe5+ Kh7 27. Qxe6
Rhd8 28. Rd3 Nd5 29. e4 1-0

[Event "Tata Steel Top Tienkamp"]
[Site "Wijk aan Zee NED"]
[Date "2026.01.23"]
[Round "1.2"]
[White "Baselmans, Luuk"]
[Black "Gloeckler, Christian"]
[Result "0-1"]
[WhiteTitle "FM"]
[BlackTitle "IM"]
[WhiteElo "2406"]
[BlackElo "2444"]
[WhiteFideId "1051008"]
[BlackFideId "34608966"]
[EventDate "2026.01.23"]

1. e4 c5 2. Nf3 d6 3. Bb5+ Nd7 4. O-O a6 5. Bd3 Ngf6 6. Re1 e6 7. Bf1 b5 8. a4
Bb7 9. d4 Bxe4 10. dxc5 dxc5 11. Nc3 Bc6 12. Ng5 b4 13. Nxf7 Kxf7 14. Rxe6 Be7
15. Bc4 Kf8 16. Bf4 Nb6 17. Qe2 bxc3 18. Rxc6 cxb2 19. Rd1 Nxc4 20. g4 Qxd1+ 21.
Qxd1 Rd8 22. Qe1 Nd5 23. Bc7 Nd2 0-1

[Event "Tata Steel Top Tienkamp"]
[Site "Wijk aan Zee NED"]
[Date "2026.01.23"]
[Round "1.3"]
[White "Tudor, Henry Edward"]
[Black "Van Foreest, Machteld"]
[Result "1-0"]
[WhiteTitle "IM"]
[BlackTitle "FM"]
[WhiteElo "2434"]
[BlackElo "2330"]
[WhiteFideId "2409836"]
[BlackFideId "1051563"]
[EventDate "2026.01.23"]

1. d4 d5 2. c4 e6 3. Nc3 h6 4. cxd5 exd5 5. Bf4 c6 6. e3 Bf5 7. g4 Bh7 8. Bd3
Bxd3 9. Qxd3 Bd6 10. Nge2 Na6 11. O-O-O Qd7 12. e4 Ne7 13. Qg3 O-O-O 14. Bxd6
Qxd6 15. Qxd6 Rxd6 16. e5 Rdd8 17. Ng3 g6 18. h4 Nc7 19. f4 h5 20. gxh5 gxh5 21.
f5 Rdg8 22. Nce2 Rg4 23. f6 Ng6 24. Nf5 c5 25. Nd6+ Kd7 26. Nxf7 Rf8 27. Nh6 Re4
28. Rhg1 Nxe5 29. dxe5 Rxe2 30. Rg7+ Kc6 31. Re7 d4 32. f7 Rg2 33. b4 Rg6 34.
Nf5 Re6 35. Rf1 Rg6 36. bxc5 d3 37. Kd2 Rg2+ 38. Kxd3 Nd5 39. Nd4+ 1-0

[Event "Tata Steel Top Tienkamp"]
[Site "Wijk aan Zee NED"]
[Date "2026.01.23"]
[Round "1.5"]
[White "Carow, Johannes"]
[Black "Lohia, Sohum"]
[Result "0-1"]
[WhiteTitle "IM"]
[BlackTitle "IM"]
[WhiteElo "2469"]
[BlackElo "2410"]
[WhiteFideId "24692050"]
[BlackFideId "5819369"]
[EventDate "2026.01.23"]

1. d4 Nf6 2. c4 e6 3. Nc3 d5 4. cxd5 exd5 5. Bg5 Bb4 6. e3 h6 7. Bh4 g5 8. Bg3
Ne4 9. Qc2 h5 10. f3 Nxg3 11. hxg3 Be6 12. f4 g4 13. f5 Bd7 14. Ne2 Qg5 15. Nf4
Nc6 16. Bd3 Ne7 17. Kf2 Bxc3 18. Qxc3 c6 19. e4 dxe4 20. d5 O-O-O 21. Bxe4 h4
22. Kg1 Rh6 23. f6 Rxf6 24. Rf1 h3 25. Rf2 Rh6 26. gxh3 gxh3 27. Kh2 Kb8 28. Rc1
Rc8 29. Qf3 Rf6 30. Qe3 Qe5 31. dxc6 Bxc6 32. Re1 Nf5 33. Bxf5 Qxf5 34. Nxh3 Qd5
35. Qe5+ Qxe5 36. Rxe5 Rh6 37. g4 Rch8 38. Re3 Bd7 39. Rf4 Rh4 40. Rg3 f5 41.
Kg2 Bc6+ 42. Kh2 Be4 43. Re3 Kc7 44. Rxf5 Bxf5 45. gxf5 Rf4 46. Kg3 Rxf5 47. Nf4
Kb8 48. Re4 Rc5 49. Re2 Rhc8 50. Kf3 Rc2 51. Rxc2 Rxc2 52. Nd3 Rh2 53. Ke3 Kc7
54. Kd4 Kd6 55. Kc3 b6 56. Kc4 a6 57. Kc3 Rh3 58. Kd4 Rh4+ 59. Kc3 b5 60. a3 a5
61. Nc1 Kd5 62. Nb3 b4+ 63. Kc2 Rh2+ 0-1

[Event "Tata Steel Top Tienkamp"]
[Site "Wijk aan Zee NED"]
[Date "2026.01.24"]
[Round "2.1"]
[White "Van Foreest, Machteld"]
[Black "Beukema, Stefan"]
[Result "1/2-1/2"]
[WhiteTitle "FM"]
[BlackTitle "IM"]
[WhiteElo "2330"]
[BlackElo "2394"]
[WhiteFideId "1051563"]
[BlackFideId "1024523"]
[EventDate "2026.01.23"]

1. e4 e5 2. Nc3 Nc6 3. Bc4 Nf6 4. d3 Bc5 5. Nf3 a6 6. Nd5 h6 7. c3 Ba7 8. Be3 d6
9. h3 Be6 10. Bxa7 Rxa7 11. O-O O-O 12. Re1 Bxd5 13. Bxd5 Nxd5 14. exd5 Ne7 15.
d4 f6 16. Qb3 Kh8 17. Rad1 Qe8 18. c4 b6 19. Qd3 Qf7 20. Rd2 1/2-1/2

[Event "Tata Steel Top Tienkamp"]
[Site "Wijk aan Zee NED"]
[Date "2026.01.24"]
[Round "2.2"]
[White "Elgersma, Onno"]
[Black "Lohia, Sohum"]
[Result "1-0"]
[WhiteTitle "FM"]
[BlackTitle "IM"]
[WhiteElo "2369"]
[BlackElo "2410"]
[WhiteFideId "1053531"]
[BlackFideId "5819369"]
[EventDate "2026.01.23"]

1. d4 d5 2. c4 e6 3. Nf3 Nf6 4. g3 Be7 5. Bg2 O-O 6. O-O Nbd7 7. Qc2 a5 8. Rd1
dxc4 9. Qxc4 b5 10. Qxb5 Ba6 11. Qc6 Bxe2 12. Re1 Ra6 13. Qc2 Bb5 14. Ng5 Nb8
15. Nc3 Bc6 16. d5 exd5 17. Bf4 g6 18. Rad1 d4 19. Nce4 Rb6 20. Be5 Nfd7 21. Bf4
Nf6 22. h4 Nxe4 23. Nxe4 Bxe4 24. Rxe4 c5 25. Bh6 Nc6 26. Bxf8 Bxf8 27. Qe2 Rb8
28. b3 Nb4 29. Qc4 Qd5 30. Rexd4 Qxc4 31. Rxc4 Nxa2 32. Rd7 Nb4 33. h5 Re8 34.
hxg6 hxg6 35. Rf4 Re7 36. Rxe7 Bxe7 37. Bf1 Kg7 38. Re4 Bf6 39. Re8 Bd4 40. Bc4
Nc6 41. Ra8 f5 42. Kg2 Ne5 43. Ra7+ Kf6 44. Ra6+ Kg7 45. Rxa5 g5 46. Ra7+ Kf6
47. f4 gxf4 48. gxf4 Nxc4 49. bxc4 Kg6 50. Kf3 Kf6 51. Rd7 Ke6 52. Rd5 Bg1 53.
Rd1 Bd4 54. Ke2 Kd6 55. Rd3 Kc6 56. Kd2 Kd6 57. Kc2 Kc6 58. Kb3 Kd6 59. Ka4 Ke6
60. Kb5 Bg1 61. Kc6 Bh2 62. Rf3 Bg1 63. Rf1 Bd4 64. Re1+ Kf6 65. Kd5 Kg6 66. Ke6 1-0

[Event "Tata Steel Top Tienkamp"]
[Site "Wijk aan Zee NED"]
[Date "2026.01.24"]
[Round "2.3"]
[White "Hrbek, Stepan"]
[Black "Carow, Johannes"]
[Result "1-0"]
[WhiteTitle "IM"]
[BlackTitle "IM"]
[WhiteElo "2454"]
[BlackElo "2469"]
[WhiteFideId "393479"]
[BlackFideId "24692050"]
[EventDate "2026.01.23"]

1. e4 c5 2. Nf3 e6 3. g3 Nc6 4. Bg2 Nf6 5. d3 d6 6. O-O Be7 7. b3 O-O 8. Bb2 e5
9. Nc3 h6 10. Nd2 Bg4 11. f3 Be6 12. Nc4 Nd4 13. a4 a6 14. a5 Nc6 15. f4 Rb8 16.
Nd5 exf4 17. Nxf4 Bg4 18. Qd2 Nd4 19. Bxd4 cxd4 20. Qf2 g5 21. Nd5 Nxd5 22. exd5
f5 23. h3 Bh5 24. Rae1 g4 25. Re6 gxh3 26. Bxh3 Bg5 27. Qxd4 1-0

[Event "Tata Steel Top Tienkamp"]
[Site "Wijk aan Zee NED"]
[Date "2026.01.24"]
[Round "2.4"]
[White "Grutter, Tim"]
[Black "Baselmans, Luuk"]
[Result "1-0"]
[WhiteTitle "IM"]
[BlackTitle "FM"]
[WhiteElo "2399"]
[BlackElo "2406"]
[WhiteFideId "1057472"]
[BlackFideId "1051008"]
[EventDate "2026.01.23"]

1. e4 c6 2. Nf3 d5 3. d3 dxe4 4. dxe4 Qxd1+ 5. Kxd1 Nf6 6. Nbd2 g6 7. Ne5 Be6 8.
Bc4 Bxc4 9. Nexc4 Bh6 10. f3 Nbd7 11. a4 O-O-O 12. Ke2 Ne8 13. h4 Kc7 14. b3 Ng7
15. Bb2 Nh5 16. Bxh8 Ng3+ 17. Ke1 Nxh1 18. Bd4 e5 19. Nxe5 Bxd2+ 20. Kxd2 Nxe5
21. Kc3 Nd7 22. Rxh1 h5 23. g4 c5 24. Be3 hxg4 25. fxg4 Nf6 26. h5 Nxe4+ 27. Kc4
Kc6 28. h6 a6 29. a5 Rh8 30. g5 f6 31. gxf6 Nxf6 32. Bxc5 Ng4 33. h7 Ne5+ 34.
Kb4 Kd5 35. Bf8 Rxf8 36. h8=Q Nc6+ 37. Ka4 Rxh8 38. Rxh8 Ke6 39. b4 g5 40. b5
axb5+ 41. Kxb5 Nd4+ 42. Kb6 Nxc2 43. Kxb7 Nb4 44. Rc8 Kd5 1-0

[Event "Tata Steel Top Tienkamp"]
[Site "Wijk aan Zee NED"]
[Date "2026.01.24"]
[Round "2.5"]
[White "Gloeckler, Christian"]
[Black "Tudor, Henry Edward"]
[Result "1-0"]
[WhiteTitle "IM"]
[BlackTitle "IM"]
[WhiteElo "2444"]
[BlackElo "2434"]
[WhiteFideId "34608966"]
[BlackFideId "2409836"]
[EventDate "2026.01.23"]

1. e4 c5 2. Nf3 d6 3. d4 cxd4 4. Nxd4 Nf6 5. Nc3 a6 6. Qd3 Nbd7 7. Be2 g6 8. Bg5
h6 9. Bh4 Bg7 10. O-O-O O-O 11. Qe3 Qc7 12. g4 Nb6 13. Rhg1 g5 14. Nf5 Bxf5 15.
gxf5 Kh7 16. Bxg5 hxg5 17. Rxg5 Bh6 18. f4 Nc4 19. Bxc4 Qxc4 20. Qh3 Rac8 21.
Rd3 Ng8 22. Rdg3 Qd4 23. a3 Rc5 24. Kb1 b5 25. Rh5 Rb8 26. Qg4 a5 27. e5 1-0

[Event "Tata Steel Top Tienkamp"]
[Site "Wijk aan Zee NED"]
[Date "2026.01.25"]
[Round "3.1"]
[White "Carow, Johannes"]
[Black "Van Foreest, Machteld"]
[Result "1-0"]
[WhiteTitle "IM"]
[BlackTitle "FM"]
[WhiteElo "2469"]
[BlackElo "2330"]
[WhiteFideId "24692050"]
[BlackFideId "1051563"]
[EventDate "2026.01.23"]

1. Nf3 Nf6 2. c4 e6 3. b3 d5 4. e3 Bd6 5. Bb2 Nbd7 6. Nc3 c6 7. Qc2 a6 8. d4 b5
9. c5 Bc7 10. O-O-O a5 11. Ne1 Ba6 12. f3 b4 13. Ne2 e5 14. dxe5 Bxe5 15. Nd4
Bxf1 16. Rxf1 Qc7 17. Nd3 O-O-O 18. Nxe5 Nxe5 19. Nf5 Kb8 20. Nxg7 Ned7 21. g4
Rhg8 22. Nf5 Ka8 23. Bd4 h5 24. h3 hxg4 25. hxg4 Rh8 26. Nd6 Rh3 27. Rd2 Rg8 28.
Qf5 Nh7 29. Qxf7 Rf8 30. Qg6 1-0

[Event "Tata Steel Top Tienkamp"]
[Site "Wijk aan Zee NED"]
[Date "2026.01.25"]
[Round "3.2"]
[White "Baselmans, Luuk"]
[Black "Elgersma, Onno"]
[Result "1/2-1/2"]
[WhiteTitle "FM"]
[BlackTitle "FM"]
[WhiteElo "2406"]
[BlackElo "2369"]
[WhiteFideId "1051008"]
[BlackFideId "1053531"]
[EventDate "2026.01.23"]

1. e4 e5 2. Nf3 Nc6 3. Bb5 a6 4. Ba4 Nf6 5. O-O Be7 6. Re1 b5 7. Bb3 O-O 8. c3
d5 9. exd5 Nxd5 10. Nxe5 Nxe5 11. Rxe5 Bb7 12. d4 Bf6 13. Re1 Re8 14. Na3 b4 15.
cxb4 Rxe1+ 16. Qxe1 Bxd4 17. Nc2 Bb6 18. Qe5 Qd7 19. Be3 Re8 20. Qg3 Nxe3 21.
fxe3 Kh8 22. Qf2 f5 23. Rf1 Qc6 24. Nd4 Qg6 25. Nxf5 Rxe3 26. Nh4 Qf6 27. Qxf6
gxf6 28. Kh1 Re4 29. Nf3 Rxb4 30. Rd1 a5 31. Rd8+ Kg7 32. Rd7+ Kf8 33. Rf7+ Ke8
34. Rxf6 a4 35. Re6+ Kf8 36. Rf6+ Ke7 37. Re6+ Kd8 38. Bc2 Bd5 39. Re2 Rxb2 40.
Rd2 Ke7 41. Bxa4 Rb1+ 42. Rd1 Rxd1+ 43. Bxd1 Bxa2 44. g4 c5 45. Bc2 h6 46. Kg2
Bd5 47. h4 c4 48. Kg3 Be3 49. Ne5 c3 50. Ng6+ Kd6 51. Nf4 Bc4 52. Kf3 Bd2 53. g5
hxg5 54. hxg5 Ke5 55. Ng6+ Kd4 56. Nf4 Bxf4 57. Kxf4 Bd3 58. Bb3 Bg6 59. Ba4 Bh7
60. Bb3 Bd3 61. Ba4 Bg6 62. Bd1 Kd3 63. Bb3 Kd2 64. Ke5 Bf7 65. Ba4 Be8 66. Bb3
Kc1 67. Kf6 Kb2 68. Bd1 Ka3 69. g6 Bxg6 70. Kxg6 c2 71. Bxc2 1/2-1/2

[Event "Tata Steel Top Tienkamp"]
[Site "Wijk aan Zee NED"]
[Date "2026.01.25"]
[Round "3.3"]
[White "Lohia, Sohum"]
[Black "Hrbek, Stepan"]
[Result "1/2-1/2"]
[WhiteTitle "IM"]
[BlackTitle "IM"]
[WhiteElo "2410"]
[BlackElo "2454"]
[WhiteFideId "5819369"]
[BlackFideId "393479"]
[EventDate "2026.01.23"]

1. e4 e5 2. Nf3 Nc6 3. Bb5 a6 4. Ba4 Nf6 5. O-O b5 6. Bb3 Bc5 7. a4 Rb8 8. c3 d6
9. d4 Bb6 10. a5 Ba7 11. h3 Bb7 12. Be3 Nxe4 13. Re1 Ne7 14. Nbd2 Nxd2 15. Bxd2
O-O 16. dxe5 dxe5 17. Nxe5 Ng6 18. Be3 Nxe5 19. Qxd8 Rbxd8 20. Bxa7 Nd3 21. Re7
Bd5 22. Bxd5 Rxd5 23. Rxc7 Nxb2 24. Bb6 Nc4 25. Ra7 h5 26. Rxa6 Rd6 27. h4 Rc8
28. Rb1 Nxa5 29. Rxa5 Rxb6 30. Raxb5 Rxb5 31. Rxb5 Rxc3 32. Rxh5 g6 33. Ra5 Kg7
34. g3 Rb3 35. Kg2 Rc3 36. g4 Rb3 37. Re5 Ra3 38. f3 Ra2+ 39. Kg3 Ra1 40. Re2
Rg1+ 41. Kh2 Ra1 42. Re7 Kf6 43. Rb7 Rc1 44. Kg3 Ra1 45. Rb4 Rh1 46. Rb6+ Kg7
47. Ra6 Rb1 48. Ra3 Rg1+ 49. Kh2 Rb1 50. Kg2 Rc1 51. Ra2 Rb1 52. Rf2 Ra1 53. f4
Kh6 54. f5 Ra4 55. Kg3 Ra3+ 56. Kh2 Ra4 57. fxg6 fxg6 58. Kg3 Ra3+ 59. Rf3 Ra1
60. Rf2 Rg1+ 61. Kf4 g5+ 62. hxg5+ Kg6 63. Rf3 Ra1 64. Re3 Rf1+ 65. Rf3 Rxf3+
66. Kxf3 Kxg5 67. Kg3 Kg6 68. Kf4 Kf6 69. g5+ Kg6 70. Kg4 Kg7 71. Kh5 Kh7 72.
g6+ Kg7 73. Kg5 Kg8 74. Kf6 Kh8 75. g7+ Kg8 76. Kg6 1/2-1/2

[Event "Tata Steel Top Tienkamp"]
[Site "Wijk aan Zee NED"]
[Date "2026.01.25"]
[Round "3.4"]
[White "Beukema, Stefan"]
[Black "Gloeckler, Christian"]
[Result "0-1"]
[WhiteTitle "IM"]
[BlackTitle "IM"]
[WhiteElo "2394"]
[BlackElo "2444"]
[WhiteFideId "1024523"]
[BlackFideId "34608966"]
[EventDate "2026.01.23"]

1. c4 Nf6 2. g3 e6 3. Bg2 d5 4. Nf3 Be7 5. O-O O-O 6. b3 d4 7. e3 c5 8. Ne5 Qc7
9. f4 Nfd7 10. exd4 cxd4 11. Nxd7 Nxd7 12. Bb2 Bf6 13. d3 a5 14. Nd2 Nc5 15. Qe2
Bd7 16. Ba3 Be7 17. Nf3 Rfd8 18. Ne5 Be8 19. Rad1 Na4 20. Bxe7 Nc3 21. Qb2 Qxe7
22. Rde1 a4 23. bxa4 f6 24. Nf3 Nxa4 25. Qf2 Nc5 26. Nxd4 Qd6 27. Nxe6 Nxe6 28.
Bxb7 Ra5 29. Bd5 Bf7 30. Qe3 Nf8 31. Bxf7+ Kxf7 32. Rd1 Rxa2 33. d4 Qc6 0-1

[Event "Tata Steel Top Tienkamp"]
[Site "Wijk aan Zee NED"]
[Date "2026.01.25"]
[Round "3.5"]
[White "Tudor, Henry Edward"]
[Black "Grutter, Tim"]
[Result "1-0"]
[WhiteTitle "IM"]
[BlackTitle "IM"]
[WhiteElo "2434"]
[BlackElo "2399"]
[WhiteFideId "2409836"]
[BlackFideId "1057472"]
[EventDate "2026.01.23"]

1. d4 Nf6 2. c4 e6 3. Nc3 Bb4 4. e3 O-O 5. Bd3 d5 6. Nf3 dxc4 7. Bxc4 c5 8. O-O
Nc6 9. a3 Ba5 10. Qd3 a6 11. dxc5 Qxd3 12. Bxd3 Bxc3 13. bxc3 Na5 14. Bc2 Nd7
15. a4 Nxc5 16. Ba3 b6 17. Rfb1 Nc4 18. Rxb6 Nxa3 19. Rxa3 Bb7 20. a5 Bxf3 21.
gxf3 Rfc8 22. Kf1 Ra7 23. Bd1 Nd7 24. Rb4 Kf8 25. Be2 Ke7 26. f4 Rc5 27. Ke1 Kd6
28. Kd2 Kc7 29. Raa4 g6 30. Kc2 Rc6 31. Bf3 Rc5 32. Be2 Rc6 33. Rd4 Rc5 34. Bf3
e5 35. fxe5 Nxe5 36. Bg2 f5 37. h3 Kc8 38. f4 Nf7 39. Rac4 Rxc4 40. Rxc4+ Kd7
41. Rc6 Nd6 42. Kb3 Rb7+ 43. Rb6 Rc7 44. Rxa6 Nc4 45. Ra8 Nxe3 46. Bf3 Nc4 47.
Kb4 Nd6 48. a6 Rc4+ 49. Kb3 Rc7 50. a7 Nc8 51. Rxc8 Rxa7 52. Rb8 Kd6 53. Rb7 Ra1
54. Rxh7 Rb1+ 55. Kc2 Rf1 56. Be2 Rxf4 57. Rh6 Ke5 58. Rxg6 Rf2 59. Kd3 f4 60.
Bg4 f3 61. Re6+ Kf4 62. Rf6+ 1-0

[Event "Tata Steel Top Tienkamp"]
[Site "Wijk aan Zee NED"]
[Date "2026.01.26"]
[Round "4.1"]
[White "Grutter, Tim"]
[Black "Beukema, Stefan"]
[Result "1-0"]
[WhiteTitle "IM"]
[BlackTitle "IM"]
[WhiteElo "2399"]
[BlackElo "2394"]
[WhiteFideId "1057472"]
[BlackFideId "1024523"]
[EventDate "2026.01.23"]

1. e4 e5 2. Nf3 Nc6 3. Bb5 a6 4. Ba4 Nf6 5. O-O d6 6. Re1 Bd7 7. c3 g6 8. d4 Bg7
9. h3 O-O 10. Bc2 h6 11. Nbd2 Nh7 12. Nf1 Kh8 13. Ng3 Qe8 14. Be3 Rd8 15. Qd2 h5
16. Bh6 Bc8 17. Rad1 Qe7 18. Bxg7+ Kxg7 19. Qe3 Qf6 20. Ba4 b5 21. Bb3 Na5 22.
dxe5 dxe5 23. Qc5 Nxb3 24. axb3 h4 25. Nf1 Bxh3 26. Qxe5 Qxe5 27. Nxe5 Be6 28.
b4 Nf6 29. Nd3 h3 30. Nc5 hxg2 31. Kxg2 Bc8 32. Ra1 Rh8 33. Nxa6 Bh3+ 34. Kf3
Bg4+ 35. Ke3 Nxe4 36. Kxe4 g5 37. Nxc7 Rd7 38. Nd5 f5+ 39. Kd4 Rhd8 40. Re5 Bf3
41. c4 bxc4 42. Ra5 1-0

[Event "Tata Steel Top Tienkamp"]
[Site "Wijk aan Zee NED"]
[Date "2026.01.26"]
[Round "4.2"]
[White "Baselmans, Luuk"]
[Black "Tudor, Henry Edward"]
[Result "0-1"]
[WhiteTitle "FM"]
[BlackTitle "IM"]
[WhiteElo "2406"]
[BlackElo "2434"]
[WhiteFideId "1051008"]
[BlackFideId "2409836"]
[EventDate "2026.01.23"]

1. e4 c5 2. Nf3 d6 3. Bb5+ Nd7 4. c3 Nf6 5. Qe2 a6 6. Ba4 b5 7. Bc2 Bb7 8. d4 e6
9. O-O Be7 10. a4 cxd4 11. cxd4 O-O 12. Bd2 Qb8 13. Re1 Rc8 14. Bd3 bxa4 15. Nc3
e5 16. Nxa4 exd4 17. Nxd4 Bf8 18. Bf4 Re8 19. Qc2 Qa7 20. Nf5 Rac8 21. Nc3 Ne5
22. Bb5 Re6 23. Qe2 Ng6 24. Be3 Qb8 25. Bc4 Ree8 26. f3 d5 27. Bxd5 Nxd5 28.
exd5 Re5 29. Qd3 Rce8 30. g3 Qc8 31. Bf2 Bc5 32. Kg2 h5 33. Bxc5 Rxe1 34. Rxe1
Rxe1 35. d6 Qd7 36. Nd4 Ne5 37. Qd2 Nxf3 38. Nxf3 Re5 39. Na4 Rf5 40. Nb6 Qc6
41. Qd3 Rxf3 42. Kh1 Rf1# 0-1

[Event "Tata Steel Top Tienkamp"]
[Site "Wijk aan Zee NED"]
[Date "2026.01.26"]
[Round "4.3"]
[White "Gloeckler, Christian"]
[Black "Carow, Johannes"]
[Result "1-0"]
[WhiteTitle "IM"]
[BlackTitle "IM"]
[WhiteElo "2444"]
[BlackElo "2469"]
[WhiteFideId "34608966"]
[BlackFideId "24692050"]
[EventDate "2026.01.23"]

1. e4 c6 2. Nc3 d5 3. Nf3 Bg4 4. h3 Bxf3 5. Qxf3 e6 6. g3 h5 7. d4 h4 8. g4 Bb4
9. Bg2 dxe4 10. Qxe4 Nf6 11. Qd3 Nbd7 12. O-O Qc7 13. Ne2 Bd6 14. c4 Rd8 15. Bg5
Be7 16. Rfe1 Ne5 17. Qc2 Ng6 18. Rad1 O-O 19. Be3 Bd6 20. Qc1 c5 21. a3 b6 22.
dxc5 bxc5 23. Kh1 Rb8 24. Qc2 Nf4 25. Bf3 Be5 26. Bxf4 Bxf4 27. Nxf4 Qxf4 28.
Rd3 Rfd8 29. Red1 Rd4 30. Kg2 e5 31. Rxd4 exd4 32. Qd2 Qxd2 33. Rxd2 a5 34. Re2
Kf8 35. Bc6 Rb6 36. Ba4 d3 37. Rd2 Rd6 38. f3 Rd4 39. Bd1 g5 40. Kf2 Nd7 41. b4
Ne5 42. bxc5 Rxc4 43. Ke3 Ke7 44. Rf2 Rc1 45. Bb3 Rh1 46. Ke4 Re1+ 47. Kd5 Re2
48. Rf1 Ng6 49. Bc4 Nf4+ 50. Kd4 Kd7 51. Rd1 Rf2 52. Bxd3 Rxf3 53. Ke4 Rg3 54.
Bb5+ Kc8 55. a4 Rc3 56. c6 Nxh3 57. Rd7 Nf2+ 58. Kd4 Rc1 59. Ba6+ Kb8 60. Rb7+
Ka8 61. Rxf7 1-0

[Event "Tata Steel Top Tienkamp"]
[Site "Wijk aan Zee NED"]
[Date "2026.01.26"]
[Round "4.4"]
[White "Elgersma, Onno"]
[Black "Hrbek, Stepan"]
[Result "0-1"]
[WhiteTitle "FM"]
[BlackTitle "IM"]
[WhiteElo "2369"]
[BlackElo "2454"]
[WhiteFideId "1053531"]
[BlackFideId "393479"]
[EventDate "2026.01.23"]

1. d4 Nf6 2. Nf3 d5 3. c4 e6 4. Nc3 Be7 5. g3 O-O 6. Bg2 Nc6 7. Ne5 Nxe5 8. dxe5
Nd7 9. cxd5 Nxe5 10. O-O exd5 11. Nxd5 Bd6 12. Qc2 c6 13. Nc3 Qe7 14. b3 h5 15.
Bb2 h4 16. Rad1 h3 17. Bh1 f5 18. Rd4 Ng4 19. e3 Bc5 20. Ne2 Bxd4 21. Bxd4 Rd8
22. Nf4 Be6 23. Nxh3 Rac8 24. Nf4 c5 25. Ba1 c4 26. bxc4 Bxc4 27. Qxf5 Nxe3 28.
Qh5 Bf7 29. Qe2 Bc4 30. Qh5 Rc5 31. Ng6 Rxh5 32. Nxe7+ Kf7 33. Rc1 Kxe7 34. fxe3
Bd5 35. e4 Bc6 36. Bf3 Ra5 37. Bxg7 Rxa2 38. Bh6 Rd4 39. Bg5+ Ke6 40. Bg4+ Ke5
41. Bf4+ Kxe4 42. Be6 Bd5 43. Bd7 a6 44. h4 Kd3 45. Rd1+ Kc4 46. Rc1+ Kb3 47.
Rb1+ Kc4 48. Rc1+ Kb3 49. Rb1+ Kc2 50. Rc1+ Kb2 51. Re1 Rc4 52. h5 Rc2 53. Bh3
Kb3 54. Rd1 Rh2 55. Rxd5 Rxh3 56. h6 b5 57. g4 Kc4 58. Rd2 Rxd2 59. Bxd2 Rg3+
60. Kh2 Rxg4 61. Kh3 Rg8 62. Kh4 b4 63. Bc1 Rh8 64. Kg5 a5 65. Bb2 Rxh6 0-1

[Event "Tata Steel Top Tienkamp"]
[Site "Wijk aan Zee NED"]
[Date "2026.01.26"]
[Round "4.5"]
[White "Van Foreest, Machteld"]
[Black "Lohia, Sohum"]
[Result "1/2-1/2"]
[WhiteTitle "FM"]
[BlackTitle "IM"]
[WhiteElo "2330"]
[BlackElo "2410"]
[WhiteFideId "1051563"]
[BlackFideId "5819369"]
[EventDate "2026.01.23"]

1. Nf3 d5 2. g3 Bg4 3. Bg2 e6 4. h3 Bh5 5. O-O Nf6 6. d3 Be7 7. Nbd2 c5 8. e4
Nc6 9. c3 O-O 10. Re1 Qc7 11. Nf1 Rad8 12. Qe2 c4 13. exd5 cxd3 14. Qxd3 Nxd5
15. Qe2 Bg6 16. Bg5 Bxg5 17. Nxg5 h6 18. Nf3 Rd7 19. Rad1 Rfd8 20. Nd4 Nxd4 21.
Rxd4 Nf6 22. Rxd7 Rxd7 23. Rd1 b6 24. Rxd7 Qxd7 25. Ne3 Be4 26. Qd1 Qc6 27. Bxe4
Qxe4 28. b4 Nd5 29. Nxd5 exd5 30. a4 a5 31. bxa5 bxa5 32. Qb3 Qe1+ 33. Kg2 Qe4+
34. Kg1 Qe1+ 1/2-1/2

[Event "Tata Steel Top Tienkamp"]
[Site "Wijk aan Zee NED"]
[Date "2026.01.27"]
[Round "5.1"]
[White "Hrbek, Stepan"]
[Black "Van Foreest, Machteld"]
[Result "1-0"]
[WhiteTitle "IM"]
[BlackTitle "FM"]
[WhiteElo "2454"]
[BlackElo "2330"]
[WhiteFideId "393479"]
[BlackFideId "1051563"]
[EventDate "2026.01.23"]

1. Nf3 d5 2. b3 Nf6 3. Bb2 e6 4. c4 Bd6 5. g3 O-O 6. Bg2 Nbd7 7. O-O c6 8. d4 b6
9. Nc3 Ba6 10. Nd2 e5 11. cxd5 exd4 12. Nce4 Be5 13. dxc6 d3 14. Qb1 dxe2 15.
Re1 Nxe4 16. Nxe4 Bxb2 17. Qxb2 Nc5 18. Qa3 Nxe4 19. Bxe4 Bb5 20. Qb4 Qg5 21. c7
Rac8 22. Rac1 Ba6 23. Qa4 Qa5 24. Qxa5 bxa5 25. Bf5 Ra8 26. Rc6 Bc8 27. Bxc8
Rfxc8 28. Rxe2 a6 29. Re5 a4 30. b4 a5 31. b5 1-0

[Event "Tata Steel Top Tienkamp"]
[Site "Wijk aan Zee NED"]
[Date "2026.01.27"]
[Round "5.2"]
[White "Lohia, Sohum"]
[Black "Gloeckler, Christian"]
[Result "0-1"]
[WhiteTitle "IM"]
[BlackTitle "IM"]
[WhiteElo "2410"]
[BlackElo "2444"]
[WhiteFideId "5819369"]
[BlackFideId "34608966"]
[EventDate "2026.01.23"]

1. d4 Nf6 2. Nf3 d5 3. c4 e6 4. Nc3 dxc4 5. e3 a6 6. a4 b6 7. Bxc4 Bb7 8. O-O
Bb4 9. Qe2 O-O 10. Rd1 Qe7 11. Bd3 c5 12. Na2 Nc6 13. Nxb4 Nxb4 14. Bb1 cxd4 15.
Nxd4 Rfd8 16. Bd2 g6 17. Qe1 a5 18. Bxb4 Qxb4 19. Qxb4 axb4 20. Bc2 Nd7 21. f3
Nc5 22. b3 Kf8 23. Nb5 Ke7 24. Rd4 Na6 25. Rad1 Rxd4 26. exd4 Rd8 27. Kf2 Bd5
28. Ke3 Rc8 29. Kd2 Nb8 30. Rb1 Nc6 31. Be4 Kd7 32. Bxd5 exd5 33. Rc1 h5 34. Rc2
f6 35. Rc1 h4 36. Rc2 g5 37. Rc1 Rg8 38. Ke3 f5 39. Kd3 f4 40. Re1 g4 41. fxg4
Rxg4 42. Re2 h3 43. gxh3 Rh4 44. Rf2 Rxh3+ 45. Kc2 Rh4 46. Rg2 Ne7 47. Re2 f3
48. Rf2 Rh3 49. Kd2 Nf5 50. Kd3 Nh6 51. Rc2 Ng4 52. Rc7+ Ke6 53. Rc6+ Ke7 54.
Rc1 Rxh2 55. Nc7 Kd6 56. Nb5+ Kd7 57. Nc7 Rh5 58. Na8 f2 59. Nxb6+ Kd6 60. a5
Nh2 61. Nc8+ Ke6 62. a6 f1=Q+ 63. Rxf1 Nxf1 64. Ke2 Rh8 65. Nb6 Ng3+ 66. Kf3 Nf5
67. a7 Kd6 68. a8=R Rxa8 69. Nxa8 Kc6 0-1